header

Orange parades (Record no. 230041)

MARC details
000 -LEADER
fixed length control field 01496nam a2200385 a 4500
082 04 - DEWEY DECIMAL CLASSIFICATION NUMBER
Classification number 394.5
100 1# - MAIN ENTRY--AUTHOR NAME
Personal name Bryan, Dominic.
245 10 - TITLE STATEMENT
Title Orange parades
260 ## - PUBLICATION, DISTRIBUTION, ETC. (IMPRINT)
Place of publication London :
Name of publisher Pluto Press,
Year of publication 2000.
300 ## - PHYSICAL DESCRIPTION
Number of Pages xii, 212 p. :
Other physical details maps.
490 1# - SERIES STATEMENT
Series statement Anthropology, culture, and society
650 #0 - SUBJECT ADDED ENTRY--TOPICAL TERM
Topical Term Parades
Topical Term Social control
Topical Term Social classes
Topical Term Nationalism
Topical Term Political customs and rites
856 40 - ELECTRONIC LOCATION AND ACCESS
Uniform Resource Identifier http://site.ebrary.com/lib/rucke/Doc?id=2001157

No items available.

© 2026 Rongo University
Contact us: librarian | system librarian | Rongo university